| 000 | 01022nam a22003257a 4500 | ||
|---|---|---|---|
| 001 | BR8204498 | ||
| 003 | BR-BrBNA | ||
| 005 | 20230928091419.0 | ||
| 007 | ta | ||
| 008 | 230509b bl.||||| |||| 00| 0 por d | ||
| 040 |
_aBR-BrBNA _bpor _cBiblioteca Nacional de Agricultura |
||
| 041 | _a(Por) | ||
| 072 |
_aC00; D10 _b/G514 |
||
| 090 | _ C00 BR8204498 | ||
| 100 | 1 | _aHolanda, O.G. de | |
| 100 | 1 | _aBezerra, I.T. | |
| 100 | 1 | _aAlbuquerque, F.J.C. | |
| 100 | 1 | _aSilva, L.G. da | |
| 100 | 1 | _aGondim, C.M. | |
| 100 | 1 | _aPinto, A.T.C. | |
| 110 | 1 | _aEmpresa de Assistencia Tecnica e Extensao Rural do Ceara, Fortaleza (Brasil) | |
| 245 | 1 | _aAlguns aspectos do processo da funcao-planejamento. Periodo de 1979 1981 NA EMATERCE [Empresa de Assistencia Tecnica e Extensao Rural do Ceara, Brasil] | |
| 260 | 3 |
_aFortaleza, CE (Brasil): _c1982. |
|
| 300 | _a11 p. | ||
| 650 | _aPLANEJAMENTO PARTICIPATIVO | ||
| 650 | _aEXTENSAO RURAL | ||
| 650 | _aCEARA | ||
| 909 |
_a202309 _bLucia _c55 _dLucia Elande |
||
| 942 | _cBK | ||
| 999 |
_c33766 _d33766 |
||